000 00815nam a22002177a 4500
999 _c62178
_d62178
003 Ge_BSU
005 20240729134624.0
008 240729s2024 ge ||||| |||| 00| 0 geo d
020 _a9789941868382
041 _ageo
080 _a005.32 გ-59
100 _aგოგიაშვილი, თეონა
_922992
245 _aმენეჯმენტის ფსიქოლოგია /
_cთეონა გოგიაშვილი
264 _aბათუმი :
_b,,ბეტა პრინტი",
_c2024.
300 _a102 გვ.:
_b20 სმ.
504 _aბიბლიოგრაფ.გვ:94-95
653 _aმენეჯმენტის ფსიქოლოგია
653 _aმენეჯმენტი
773 _tნაჩუქარი
942 _2udc
_cBK